Zwierzęce symbole państw świata - Statystyki

Ogólne statystyki
  • Ten quiz został rozwiązany 33 razy
  • Średni wynik to 8 z 16
Statystyki odpowiedzi
Obrazkowy Hint Odpowiedź % Poprawnych
Kangur Australia
100%
Panda wielka Chiny
86%
Tygrys bengalski Indie
76%
Orzeł bielik Polska
76%
Bizon USA
72%
Niedźwiedź brunatny Rosja
66%
Kogut Francja
59%
Kondor kalifornijski Meksyk
55%
Jaguar Brazylia
38%
Żuraw mandżurski Japonia
34%
Orzeł cesarski Niemcy
31%
Wydra Kanada
28%
Wilk szary Włochy
17%
Koziorożec Iran
14%
Szakal złocisty Turcja
14%
Delfin Grecja
3%
Nie znaleziono quizów pasujących do podanych kryteriów
Rozkład punktacji
Procent ludzi z każdym wynikiem
Percentyl według liczby udzielonych odpowiedzi
Twoja historia wyników
Nie rozwiązałeś tego quizu